Tribhuvan University Central Library
Normal view MARC view
  • Pragmatics.

Entry Topical Term

Number of records used in: 2

001 - CONTROL NUMBER

  • control field: 21947

003 - CONTROL NUMBER IDENTIFIER

  • control field: OSt

005 - DATE AND TIME OF LATEST TRANSACTION

  • control field: 20110422131850.0

008 - FIXED-LENGTH DATA ELEMENTS

  • fixed length control field: 110422|||a|||||| | ||| d

040 ## - CATALOGING SOURCE

  • Original cataloging agency: OSt
  • Transcribing agency: OSt

150 ## - HEADING--TOPICAL TERM

  • Topical term or geographic name as entry element: Pragmatics.

670 ## - SOURCE DATA FOUND

  • Source citation: Work cat.: (OSt)60368: Basnet, Nil Bahadur 21944, Fundamentals of language and linguistics /, 2010.

670 ## - SOURCE DATA FOUND

  • Source citation: Work cat.: (OSt)60368: Basnet, Nil Bahadur 21944, Fundamentals of language and linguistics /, 2010.